000 00651nam a2200193 i 4500
001 36052
003 ES-MaACL
005 20250815043057.0
007 t|
008 030217s1873 po ||||1| por d
100 1 _aBraga, Teófilo,
_d1843-1924
_931276
245 1 0 _aHistoria das novellas portuguezas de cavalleria
_b: forinaçao do Amadis de Gaula /
_cpor Theophilo Braga.
260 _aPorto :
_b[s.n.],
_c1873 (
_fImp. Portuguesa)
300 _aVI, 298 p. ;
_c18 cm.
490 1 _aHistoria da litteratura portugueza
830 0 0 _aHistoria da litteratura portugueza
_9181623
852 _aES-MaACL
_jG-8376
999 _c36052
_d36052